000 01122nam a2200193 i 4500
001 96642
003 ES-MaACL
005 20230906181943.0
007 t|
008 050629s1974 fr ||||1| fre d
100 1 _aMallarmé, Stéphane (
_d1842-1898)
_975791
245 1 0 _aOeuvres completes /
_cStéphane Mallarmé; texte établi et annoté par Henri Mondor et G. Jean-Aubry.
260 _aParis :
_bGallimard,
_c1974.
300 _aXXVII, 1659 p. ;
_c18 cm.
505 8 _aContiene: Poèmes d'enfance et de jeunesse-- Poésies-- Vers de circonstance-- Les poèmes d'Edgar Poe-- Proses de jeunesse-- Poèmes en prose-- Crayonné au théatre-- Variations sur un sujet-- Igitur-- Un coup de dés-- Quelques médaillons et portraits en pied-- Richard Wagner-- Préface a "Wathek"-- Le "Ten o'clock" de M. Whistler-- Contes indiens-- La musique et les lettres-- Proses diverses-- Les mots anglais-- Thèmes anglais-- Les dieux antiques-- L'étoile des fées-- Bibliographie-- Iconographie-- Notes et variantes
700 1 _aMondor, Henri.
_982149
700 1 _aJean-Aubry, G.
_966230
852 _aES-MaACL
_jE-9652
_bR.94126
999 _c96642
_d96642